000
00303nam a22001217a 4500
008
230620b xxu||||| |||| 00| 0 eng d
082
_a
341.48
_b
UNI
110
_b
UN
_c
New York
_d
1991
245
_a
Convention on the Rights of the Child
260
_a
New York
_b
UN
_c
1991
300
_a
54p
942
_2
ddc
_c
BK
999
_c
1740
_d
1740